| 000 | 00000nas 2200000zi 4500 |
| 001 | 9.880173 |
| 003 | CaOODSP |
| 005 | 20251126150017 |
| 006 | m o d f |
| 007 | cr ||||||||||| |
| 008 | 191003c20199999oncar p o f0 a0eng| |
| 020 | |z9780660360287 |
| 022 | |a2819-5663 |
| 040 | |aCaOODSP|beng|erda|cCaOODSP |
| 043 | |an-cn--- |
| 086 | 1 |aFA1-32E-PDF|zFA3-164/2020E-PDF |
| 110 | 1 |aCanada. |bOffice of the Auditor General. |
| 245 | 10|aCommentary on the ... financial audits / |cOffice of the Auditor General of Canada. |
| 260 | |a[Ottawa] : |bOffice of the Auditor General of Canada = Bureau du vérificateur général du Canada, |c2019- |
| 310 | |aAnnual |
| 336 | |atext|btxt|2rdacontent |
| 337 | |acomputer|bc|2rdamedia |
| 338 | |aonline resource|bcr|2rdacarrier |
| 362 | 1 |aBegan with 2018/2019. |
| 490 | 1 |aReport of the Auditor General of Canada to the Parliament of Canada |
| 500 | |aIssued also in French under title: Commentaire sur les audits financiers de ... |
| 588 | |aDescription based on: 2018/2019. |
| 588 | |aLatest issue consulted: 2023/2024. |
| 610 | 10|aCanada. |bOffice of the Auditor General|vPeriodicals. |
| 650 | 0|aFinancial statements|zCanada|vPeriodicals. |
| 655 | 7|aPeriodicals|2lcgft |
| 775 | 08|tCommentaire sur les audits financiers de ... |w(CaOODSP)9.880175 |
| 776 | 0#|tCommentary on the financial statements / |w(CaOODSP)9.880174 |
| 830 | #0|aReports of the Auditor General of Canada to the Parliament of Canada.|w(CaOODSP)9.846691 |
| 856 | 40|qHTML|sN/A|uhttps://www1.oag-bvg.gc.ca/internet/English/parl_lpf_e_42210.html |